000 00798nam a2200217Ia 4500
999 _c40776
_d40776
001 7415
003 GE_BSU
005 20231208154744.0
008 181216s1975||||ge |||||||||||||| ||geo||
040 _cGE_BSU
041 _aGEO
080 _a821.353.1 ბ-25
100 _aბარათაშვილი, მარიკა
_920631
245 _aმე და ის :
_bლექსები /
_cმარიკა ბარათაშვილი ; ირ. არაბული.
264 _aთბილისი :
_bსაბჭ.საქართველო,
_c1975.
300 _a122 გვ. ;
_c17 სმ.
653 _aლექსები
653 _aმე და ის
700 _aარაბული, ირ.
_eრედაქტორი
_920632
942 _cBK
_2udc